000 00643nam a22002417a 4500
003 UA-OsUOA
001 45477
007 ta
008 20111012b un ||||| |||| 00| 0 ukr d
100 _aМакдауэлл Д.
090 _a244
_bМ15
942 _cBK
040 _aUA-OsUOA
_brus
_cUA-OsUOA
_dUA-OsUOA
245 _aНе просто плотник.
300 _a126 с.
955 _a1
041 _arus
080 _a244
260 _aМ.
_c1991
650 7 _a2 Релігія. Теологія.
_2UDC
999 _c425587
_d425587